000
00229nam a2200097Ia 4500
001
646914
005
20250826153652.0
008
250824s9999 xx 000 0 und d
245
0
_a
HAVLAYAN HARFLER
_c
MEHMET ATİLLA
260
_b
TUDEM
999
_c
646914
_d
646914